Т. 18, № 5; Промышленная теплотехника

Podrobná bibliografie
Parent link:Промышленная теплотехника: журнал/ Институт технической теплофизики НАН Украины. Т. 18, № 5.— , 1980-.— 0204-3602
Jazyk:ruština
Vydáno: 1996
Médium: Kniha
KOHA link:https://koha.lib.tpu.ru/cgi-bin/koha/opac-detail.pl?biblionumber=518207

MARC

LEADER 00000nam2a2200000 4500
001 518207
005 20231101105830.0
035 |a (RuTPU)RU\TPU\prd\196744 
035 |a RU\TPU\prd\196732 
090 |a 518207 
100 |a 20131008a19809999k y0rusy50 ca 
101 0 |a rus 
102 |a RU 
200 0 |a Т. 18, № 5 
210 |d 1996 
461 1 |0 (RuTPU)RU\TPU\prd\1700  |x 0204-3602  |t Промышленная теплотехника  |o журнал  |f Институт технической теплофизики НАН Украины  |v Т. 18, № 5  |d 1980- 
801 0 |a RU  |b 63413507  |c 20010227  |g PSBO 
801 1 |a RU  |b 63413507  |c 20020528  |g PSBO 
801 2 |a RU  |b 63413507  |c 20131008  |g RCR 
942 |c BK 
999 |a НТБ_ТПУ  |b НФ  |e -14/20131007  |p П-9077  |u 0,00  |v 1